00642nam a2200205Ia 4500003000400000005001700004008004100021020001800062040001900080041000800099082002100107100002200128245009800150250000900248260004400257300002500301650003900326650003700365650003400402OSt20260328111657.0210716s2015 xx 000 0 und d a9788170366515 cAIMIT LIBRARY  aeng a374.22 21bHAZA aHazarika, Anjali. aDaring to dream : bcultivating corporate creativity through dreamwork /cBy Anjali Hazarika. a1st  aNew Delhi :bSage Publications ,c2015. a207p. ;bPBc22.2 cm aIntroduction : discovering a dream aWhen corporations start dreaming aThe royal road to empowerment